|
|
|
|
| LEADER |
00000nam0a2200000 4500 |
| 001 |
46609 |
| 005 |
20231101211029.0 |
| 035 |
|
|
|a (RuTPU)RU\TPU\book\48655
|
| 090 |
|
|
|a 46609
|
| 100 |
|
|
|a 20030123d1974 k y0rusy50 ca
|
| 101 |
1 |
|
|a rus
|c eng
|
| 102 |
|
|
|a RU
|
| 105 |
|
|
|a a z 001zy
|
| 200 |
1 |
|
|a Практическое руководство по жидкостной хроматографии
|e пер. с англ.
|f С. Перри, Р. Амос, П. Брюер
|
| 210 |
|
|
|a Москва
|c Мир
|d 1974
|
| 215 |
|
|
|a 260
|c ил.
|
| 320 |
|
|
|a Библиогр. в конце глав.
|
| 320 |
|
|
|a Предм. указ.: с. 249-254.
|
| 606 |
1 |
|
|a Хроматография жидкостная
|2 stltpush
|3 (RuTPU)RU\TPU\subj\73824
|9 86581
|
| 610 |
1 |
|
|a химия
|
| 610 |
1 |
|
|a адсорбция
|
| 610 |
1 |
|
|a ситовая хроматография
|
| 610 |
1 |
|
|a хроматограммы
|
| 675 |
|
|
|a 543.544.5
|v 3
|
| 700 |
|
1 |
|a Перри
|b С.
|
| 701 |
|
1 |
|a Амос
|b Р.
|
| 701 |
|
1 |
|a Брюер
|b П.
|
| 801 |
|
1 |
|a RU
|b 63413507
|c 20030123
|g PSBO
|
| 801 |
|
2 |
|a RU
|b 63413507
|c 20141224
|g PSBO
|
| 942 |
|
|
|c BK
|